Central Library OPAC University of Rajshahi

ফকীর নেতা মজনু শাহ / (Record no. 64900)

MARC details
000 -LEADER
fixed length control field 00883nam a2200229 a 4500
001 - CONTROL NUMBER
control field 64900
003 - CONTROL NUMBER IDENTIFIER
rucl marc code BD-RjUL
005 - DATE AND TIME OF LATEST TRANSACTION
control field 20211209081351.0
008 - FIXED-LENGTH DATA ELEMENTS--GENERAL INFORMATION
fixed length control field 170223s1988 bg ||||| |||| 00| 0 eng d
035 ## - SYSTEM CONTROL NUMBER
System control number (BD-RjUL)65030
040 ## - CATALOGING SOURCE
Original cataloging agency BD-RjUL
Language of cataloging ben
Transcribing agency BD-RjUL
Modifying agency BD-RjUL
041 ## - LANGUAGE CODE
Language code of text/sound track or separate title ben
082 ## - DEWEY DECIMAL CLASSIFICATION NUMBER
Edition number 23
Classification number 398.2092
Author mark and year TAF 1988
100 1# - MAIN ENTRY--PERSONAL NAME
Personal name তালিব, মুহম্মাদ আবূ
9 (RLIN) 192367
245 01 - TITLE STATEMENT
Title ফকীর নেতা মজনু শাহ /
Statement of responsibility, etc. মুহম্মাদ আবূ তালিব
250 ## - EDITION STATEMENT
Edition statement ১ম সং
260 ## - PUBLICATION, DISTRIBUTION, ETC. (IMPRINT)
Place of publication, distribution, etc. বাংলাদেশ :
Name of publisher, distributor, etc. ইসলামিক ফাউন্ডেশন,
Date of publication, distribution, etc. ১৯৮৮ [১৪০৮].
300 ## - PHYSICAL DESCRIPTION
Pagination ১৩৩ পৃ. ;
Size ২৩ সেমি.
600 ## - SUBJECT ADDED ENTRY--PERSONAL NAME
Personal name শাহ, মজনু,
Dates associated with a name -১৭৮৭
General subdivision জীবনী
Personal name Shah, Majnu
Dates associated with a name -1787
General subdivision Biography
942 ## - ADDED ENTRY ELEMENTS (KOHA)
Source of classification or shelving scheme Dewey Decimal Classification
Koha item type Books
Holdings
Lost status Source of classification or shelving scheme Damaged status Not for loan Collection code Permanent Location Current Location Shelving location Date acquired Source of acquisition Cost, normal purchase price Total Checkouts Full call number Date last seen Copy number Koha item type
  Dewey Decimal Classification   Not For Loan Non-fiction Central Library, University of Rajshahi Central Library, University of Rajshahi Reading Room 23/10/1989 Author 8.00   B 398.2092 TAF 1988 23/02/2017 C-1 Books